Characters from Veep - Statistics

General Stats
  • This quiz has been taken 61 times
  • The average score is 12 of 15
Answer Stats
Initial Job / Role Name % Correct
US Vice President Selina Meyer
96%
Deputy Director of Communications Dan Egan
94%
Vice President's Chief of Staff Amy Brookheimer
90%
Vice President's Personal Aide Gary Walsh
90%
White House Liaison to the VP Office Jonah Ryan
90%
Vice President's personal secretary Sue Wilson
88%
Director of Communications Mike McLintock
87%
Vice President's daughter Catherine Meyer
81%
Campaign aide and has a doctorate in electoral law Richard Splett
77%
Senior Strategist to the President Kent Davison
75%
White House Chief of Staff Ben Cafferty
73%
Vice President's ex-husband Andrew Meyer
69%
Bodyguard and lookalike Marjorie Palmiotti
67%
US Senator and Veep's running mate Tom James
67%
Ill-mannered Ohio Congressman Roger Furlong
62%
No matching quizzes found
Score Distribution
Percent of People with Each Score
Percentile by Number Answered
Your Score History
You have not taken this quiz